000
00310nam a22001217a 4500
008
170216b xxu||||| |||| 00| 0 eng d
050
_a
JA1.P63(1997 Vol.45)
245
_a
Political Studies. /
260
_a
Oxford:
_b
Blackwell,
_c
1997.
300
_a
1032p.:
_c
24cm.
700
_a
Micheal Moran.
942
_2
lcc
_c
BK
999
_c
6283
_d
13783